<?xml version="1.0" encoding="UTF-8"?>
<collection xmlns="http://www.loc.gov/MARC21/slim">
 <record>
  <leader>00399pamaa2200145   4500</leader>
  <controlfield tag="001">0000001370</controlfield>
  <controlfield tag="005">20060217090000.0</controlfield>
  <datafield tag="020" ind1="0" ind2="0">
   <subfield code="a">0133209954 </subfield>
  </datafield>
  <datafield tag="082" ind1=" " ind2=" ">
   <subfield code="a">515.35 BUG 1995</subfield>
  </datafield>
  <datafield tag="090" ind1="0" ind2="0">
   <subfield code="a">QA372 </subfield>
   <subfield code="b">BUG 1995</subfield>
  </datafield>
  <datafield tag="100" ind1="1" ind2="0">
   <subfield code="a">BUGL </subfield>
  </datafield>
  <datafield tag="245" ind1="1" ind2="0">
   <subfield code="a">Differential equations : </subfield>
   <subfield code="b">matrices and models  </subfield>
   <subfield code="c">Paul Bugl.</subfield>
  </datafield>
  <datafield tag="260" ind1="0" ind2="0">
   <subfield code="a">New Jersey: </subfield>
   <subfield code="b">Prentice Hall, </subfield>
   <subfield code="c">1995.</subfield>
  </datafield>
  <datafield tag="300" ind1=" " ind2=" ">
   <subfield code="a">xiv, 669p.; </subfield>
   <subfield code="c">24cm.</subfield>
  </datafield>
  <datafield tag="650" ind1="0" ind2="0">
   <subfield code="a">Differential equations </subfield>
  </datafield>
 </record>
</collection>
